000 00753nam a2200145Ia 4500
008 210324s9999||||xx |||||||||||||| ||und||
040 _cSTCPL
041 _hMAL
082 _a894.812 1
_bPUB-K
245 0 _aKavyakairali - III
_hകാവ്യകൈരളി - 3
260 _aAlmemarle Street, London
_bDepartment Of Publications Uty.
_c1971
300 _a176
650 _aGeneralचपातियाँ, चर्बीवाले डिवीजन, गखरी से भाई तक, मेरठ में पलटेंन तथा अफसर, सन 1857 में मेरठ छावनी, विद्रोह आरम्भ, यूरोपीय सेनाओं का सचालन, दल्ली को
942 _cBK
999 _c18002
_d18002